000 00372nam a22001577a 4500
003 macl
005 20200220165125.0
008 200220b xxu||||| |||| 00| 0 eng d
040 _cmacl
100 _aLavender Karyn
_978353
245 _aHistory of law
260 _aIndia
_bscribbles
_c2018
600 _aKaryn Lavender
_978354
650 _alaw
_978355
942 _2ddc
_cBK
999 _c62178
_d62178